000 00351nam a2200157Ia 4500
003 Ost
005 20260225132555.0
008 260225s9999||||xx |||||||||||||| ||und||
040 _cfsic
041 _afre
082 _a440
100 _aEmile Durkheim
_eAuteur
245 0 _aEducation et sociologie /
245 0 _cEmile Durkheim
942 _cكتاب
999 _c34399
_d34399